00581nam a2200181Ia 4500003000400000008004100004040001600045082001800061100002400079245009200103260004600195300001000241650001100251650001000262942001200272999001700284952009800301GCL140319s9999 xx 000 0 eng d aGCL / cGCL04a618.2001bN P1 aNIVEN, CATHERINE A.10aPSYCHOLOGICAL CARE FOR FAMILIES: BEFORE, DURING AND AFTER BRITH / cNIVEN, CATHERINE A. a[S.N] : bBUTTERWORTH HEINEMANN ، c1992 a257 P04aFAMILY04aBIRTH 2ddccBK c17870d17870 00104070aCAIbCAId2014-03-26l0o618.2001\N Pp32282r2014-03-26 00:00:00w2014-03-26yBK